| 000 | 00882cam a22002531 4500 | ||
|---|---|---|---|
| 001 | 7001208 | ||
| 003 | ARRUPE | ||
| 005 | 20211028114711.0 | ||
| 008 | 721219r1957uuuunyu 000 0 eng | ||
| 010 | _a 57012414 | ||
| 035 | _a(OCoLC)520222 | ||
| 040 |
_aDLC _cODaWU _dOCoLC _dOYU _dOClW-H _dOCoLC _dDLC |
||
| 050 | 0 | 0 |
_aQ111 _b.J6 |
| 082 | _a508 | ||
| 130 | 0 |
_aJournal of the history of ideas. _914513 |
|
| 245 | 1 | 0 |
_aRoots of scientific thought, _ba cultural perspective. _cEdited by Philip P. Wiener, and Aaron Noland. |
| 260 |
_aNew York, _bBasic Books _c[1957] |
||
| 300 |
_a677 p. _c24 cm. |
||
| 500 | _a"Selections from the first eighteen volumes of the Journal of the history of ideas." | ||
| 650 | 0 |
_aScience. _92892 |
|
| 700 | 1 |
_aWiener, Philip P. _q(Philip Paul), _d1905-1992. _950801 |
|
| 906 |
_a7 _bcbc _coclcrpl _du _encip _f19 _gy-gencatlg |
||
| 942 |
_2lcc _cMONOGRAPH |
||
| 999 |
_c131035 _d131035 |
||